[Event "RUS-ch49 (Women)"]
[Site "Moscow"]
[Date "1999.05.21"]
[Round "6"]
[White "Strutinskaya, Galina N"]
[Black "Ershova, Svetlana"]
[Result "1-0"]
[WhiteElo "2295"]
[BlackElo "2263"]
[PlyCount "119"]
[EventDate "1999.05.??"]
[EventType "swiss"]
[EventRounds "9"]
[EventCountry "RUS"]
[SourceTitle "CBM 070 Extra"]
[Source "ChessBase"]
[SourceDate "1999.07.10"]
[SourceVersion "1"]
[SourceVersionDate "1999.07.10"]
[SourceQuality "1"]

1. d4 Nf6 2. c4 g6 3. Nf3 Bg7 4. g3 d6 5. Bg2 0-0 6. 0-0 Nbd7 7. Nc3 e5 8. e4 Re8 9. Re1 exd4 10. Nxd4 Nc5 11. h3 a5 12. Ndb5 Bd7 13. Bg5 h6 14. Bf4 Bc6 15. Qc2 Nfd7 16. Rad1 a4 17. Be3 Qc8 18. b3 axb3 19. axb3 Na6 20. Bd4 Ne5 21. f4 Bxb5 22. cxb5 Nb4 23. Qe2 c5 24. bxc6 Nexc6 25. Bxg7 Kxg7 26. Nb5 Ra2 27. Rd2 Rxd2 28. Qxd2 Rd8 29. Nxd6 Qc7 30. Rd1 Kh7 31. e5 Qb6+ 32. Qf2 Qa5 33. Kh2 Qa3 34. Qf3 Qb2 35. Nxf7 Rxd1 36. Qxd1 Nd4 37. e6 Nd5 38. Ne5 Ne3 39. Qg1 Nef5 40. Qe1 Qxb3 41. g4 Ne7 42. Qe4 Nxe6 43. Nd7 Kg7 44. f5 gxf5 45. gxf5 Kf7 46. Ne5+ Ke8 47. fxe6 Qxe6 48. Qa4+ Kf8 49. Nd7+ Kg7 50. Qd4+ Kf7 51. Ne5+ Ke8 52. Bxb7 Qf5 53. Qe3 Qc2+ 54. Bg2 Qc7 55. Qf4 Qd6 56. Kg1 Qc5+ 57. Kh1 Qd6 58. Bf3 Qe6 59. Bh5+ Kd8 60. Nf7+ 1-0

[Event "RUS-ch49 (Women)"]
[Site "Moscow"]
[Date "1999.05.15"]
[Round "1"]
[White "Demina, Julia"]
[Black "Ershova, Svetlana"]
[Result "1-0"]
[WhiteElo "2361"]
[BlackElo "2263"]
[PlyCount "173"]
[EventDate "1999.05.??"]
[EventType "swiss"]
[EventRounds "9"]
[EventCountry "RUS"]
[SourceTitle "CBM 070 Extra"]
[Source "ChessBase"]
[SourceDate "1999.07.10"]
[SourceVersion "1"]
[SourceVersionDate "1999.07.10"]
[SourceQuality "1"]

1. Nf3 Nf6 2. c4 g6 3. g3 Bg7 4. Bg2 d6 5. d4 0-0 6. 0-0 Nbd7 7. Qc2 e5 8. Rd1 Re8 9. e4 c6 10. Nc3 a5 11. h3 exd4 12. Nxd4 Nc5 13. Bf4 Bf8 14. Re1 Ne6 15. Be3 Nxd4 16. Bxd4 Be6 17. b3 Nh5 18. Rad1 Qe7 19. Kh2 Bg7 20. Qd2 Red8 21. Bxg7 Nxg7 22. Re3 Ne8 23. Nd5 Qf8 24. Nf4 Nc7 25. Rd3 a4 26. e5 d5 27. cxd5 cxd5 28. Nxd5 Nxd5 29. Bxd5 axb3 30. axb3 Qc5 31. b4 Qb6 32. Qf4 Bxd5 33. Rxd5 Rxd5 34. Rxd5 Ra2 35. Rd2 Rxd2 36. Qxd2 Qc6 37. Qf4 Qd5 38. g4 h6 39. h4 b5 40. Kg3 Qb3+ 41. f3 Qc3 42. Qe4 Qc1 43. e6 g5 44. exf7+ Kxf7 45. Qb7+ Kf8 46. Qb8+ Kf7 47. Qa7+ Ke6 48. Qb6+ Kf7 49. hxg5 hxg5 50. Qd4 Kg6 51. Kf2 Qc2+ 52. Ke3 Qc1+ 53. Qd2 Qg1+ 54. Ke4 Qg3 55. Qd3 Kf6 56. Kd5 Qe5+ 57. Kc6 Qe8+ 58. Kc5 Qc8+ 59. Kxb5 Qb7+ 60. Ka4 Qa7+ 61. Kb3 Qf7+ 62. Qc4 Qd7 63. Kc3 Qa4 64. Qd4+ Ke6 65. Qe4+ Kd6 66. Qg6+ Kc7 67. Qf7+ Kd6 68. Qf6+ Kc7 69. Qe7+ Kb8 70. Qd8+ Kb7 71. Qxg5 Qa3+ 72. Kc4 Qa2+ 73. Kd3 Qb1+ 74. Ke2 Qb2+ 75. Qd2 Qe5+ 76. Kf1 Kb8 77. Kg2 Kb7 78. g5 Qf5 79. Kg3 Qe5+ 80. f4 Qf5 81. Qd4 Qb1 82. Kg4 Qc2 83. Qd5+ Kb8 84. Qd6+ Kb7 85. g6 Qg2+ 86. Kf5 Qc2+ 87. Kg5 1-0